| 000 | | | 05006nmc2a2200000 x 450 |
| 001 | | | 10306f01-a85e-419c-8fd7-1e21f37549ad |
| 005 | | | 20170113110155.0 |
| 100 | ## | $a | 20140507l18031807k l0rusy0189 ca |
| 101 | 0# | $a | rus |
| 102 | ## | $a | RU |
| 200 | 1# | $a | Дела о вызове из шведских университетов студентов богословия, состоящих в русском подданстве, с целью продолжения их занятий в Дерптском университете и проведении других мер для назначения на должности пасторов в губерниях Дерптского округа преимущественно богословов из Дерптского университета |
| | $j | 22 февраля 1803 г. - 4 апреля 1807 г. |
| 251 | ## | $c | Дело |
| 300 | ## | $a | Дело |
| 300 | ## | $a | Ориг. заголовок дела: Дело, по представлению попечителя Дерптского университета, о вызове из шведских университетов студентов богословия из российских подданных и о том, чтоб по губерниям Дерптского округа пасторские места занимаемы были обучавшимися в Дерптском университете. Тут же о том, каким образом поступить, в случае недостатка студентов Дерптского университета, для занятия всех открывшихся в округе пасторских мест. 22 февраля 1803 г. - 19 января 1807 г |
| 801 | #0 | $a | RU |
| | $b | РГИА |
| | $c | 20140507 |
| | $g | RCR |
| 801 | #1 | $a | RU |
| | $b | ГлавНИВЦ |
| | $c | 20140507 |
| | $2 | rusmarc |
| 801 | #2 | $a | RU |
| | $b | ПБ им. Б.Н. Ельцина |
| | $c | 20170113 |
| | $g | RCR |
| | $2 | rusmarc |
| 850 | ## | $a | РГИА |
| 852 | ## | $a | РГИА |
| | $e | Федеральное казенное учреждение "Российский государственный исторический архив" (РГИА) |
| | $j | 29 |
| 937 | ## | $h | РГИА |
| | $d | 11167595 |
| | $a | ASBIBLIO_SCAN |
| 462 | #0 | $1 | 0015faafd89-1df2-4e8f-a0ba-1d8a620713c6 |
| | $1 | 2001 |
| | $a | Дела Департамента народного просвещения по Дерптскому учебному округу за 1802-1836 гг. |
| | $1 | 251 |
| | $c | Опись |
| | $1 | 852 |
| | $j | 56 |
| 461 | #0 | $1 | 001a74412a3-3cc5-4d21-8f0a-dfe2fbd9e72d |
| | $1 | 2001 |
| | $a | Департамент народного просвещения Министерства народного просвещения (1803-1917) |
| | $1 | 251 |
| | $c | Фонд |
| | $1 | 852 |
| | $j | 733 |
| 215 | ## | $a | 40 л. |
| | $d | 36,5х26 см |
| 371 | ## | $a | Документ не является опубликованным и широко распространяемым |
| 105 | ## | $a | y### |
| 122 | 2# | $a | d |
| 517 | 1# | $a | Дело, по представлению попечителя Дерптского университета, о вызове из шведских университетов студентов богословия из российских подданных и о том, чтоб по губерниям Дерптского округа пасторские места занимаемы были обучавшимися в Дерптском университете. Тут же о том, каким образом поступить, в случае недостатка студентов Дерптского университета, для занятия всех открывшихся в округе пасторских мест. 22 февраля 1803 г. - 19 января 1807 г. |
| 035 | ## | $a | 10306f01-a85e-419c-8fd7-1e21f37549ad |
| 856 | ## | $u | http://readingroom.main.prlib.ru/item.aspx?id_node=n94227879&mode=full |